000 00529nam a2200205 a 4500
001 BRCA_4291
005 20190320204621.0
008 240610s1961----nyu#######---#000-0#eng-#
041 _aeng
044 _anyu
050 4 _aPZ3
_b.Ch75 1961
100 1 _aChristie, Agatha Miller
_911043
245 1 0 _aThe Murder of Roger Ackroyd
_cAgatha Miller Christie.
260 _aNueva York
_bPocket Books
_c1961
300 _a212 p.
_c16 cm.
500 _aCEF88
650 1 4 _aNovelas policĂ­acas
_9877
902 _aGFM
942 _2lcc
_cB
999 _c4002
_d4002